000
00255nam a22001217a 4500
999
_c
12763
_d
12763
082
_a
657.46
100
_a
Petiwala Khalid
245
_a
Advanced Taxation
250
_a
Volume 1
260
_a
Pakistan
_b
Patiwala
_c
2020
300
_a
146 pages
942
_c
BK